| 000 | 01330cam a2200325 a 4500 | ||
|---|---|---|---|
| 001 | 1214683 | ||
| 003 | ARRUPE | ||
| 005 | 20211027105639.0 | ||
| 008 | 990702s2000 enk b 001 0 eng | ||
| 010 | _a 99038905 | ||
| 020 | _a052177229X | ||
| 040 |
_aDLC _cDLC _dDLC |
||
| 050 | 0 | 0 |
_aQ175 _b.Z547 2000 |
| 082 | 0 | 0 |
_a501 _221 |
| 100 | 1 |
_aZiman, J. M. _q(John M.), _d1925-2005. _950719 |
|
| 245 | 1 | 0 |
_aReal science : _bwhat it is, and what it means / _cJohn Ziman. |
| 260 |
_aCambridge ; _aNew York : _bCambridge University Press, _c2000. |
||
| 300 |
_axii, 399 p. ; _c24 cm. |
||
| 504 | _aIncludes bibliographical references (p. 356-383) and index. | ||
| 650 | 0 |
_aScience _xPhilosophy. |
|
| 650 | 0 |
_aScience _xMethodology. |
|
| 856 | 4 | 1 |
_3Sample text _uhttp://www.loc.gov/catdir/samples/cam032/99038905.html |
| 856 | 4 | 2 |
_3Publisher description _uhttp://www.loc.gov/catdir/description/cam0210/99038905.html |
| 856 | 4 | 1 |
_3Table of contents _uhttp://www.loc.gov/catdir/toc/cam021/99038905.html |
| 856 | 4 | 2 |
_3Contributor biographical information _uhttp://www.loc.gov/catdir/enhancements/fy0732/99038905-b.html |
| 906 |
_a7 _bcbc _corignew _d1 _eocip _f19 _gy-gencatlg |
||
| 942 |
_2lcc _cMONOGRAPH |
||
| 999 |
_c130995 _d130995 |
||